000
00200nam a22000857a 4500
008
170601b xxu||||| |||| 00| 0 eng d
100
_9
3189
_a
Das. B
_b
245
_a
Magic
260
_a
New Delhi
_b
CBT
_c
2004
999
_c
6492
_d
6492